000 00285nam a22000977a 4500
008 140116b xxu||||| |||| 00| 0 alb d
020 _a9789928022080
100 1 _aLloshi, Xhevat
245 1 0 _aStilistika e gjuhës shqipe dhe pragmatika /
_cXhevat Lloshi
260 _aTiranë :
_b"albas" ;
_c2012.
999 _c398
_d398